[Event "DEN-chT 25th corr"]
[Site "Denmark"]
[Date "2000.??.??"]
[Round "2"]
[White "Ostersen, Steen"]
[Black "Hansen, Tomas Guldberg"]
[Result "0-1"]
[WhiteElo "2073"]
[BlackElo "2230"]
[PlyCount "90"]
[EventDate "2000.??.??"]
[EventType "team (corr)"]
[EventRounds "4"]
[EventCountry "DEN"]
[SourceTitle "Corr 2004"]
[Source "ChessBase"]
[SourceDate "2003.04.28"]
[SourceVersion "3"]
[SourceVersionDate "2003.04.28"]
[SourceQuality "1"]

1. c4 c5 2. Nf3 Nf6 3. Nc3 d5 4. cxd5 Nxd5 5. e4 Nb4 6. Bb5+ N8c6 7. d4 cxd4 8. a3 dxc3 9. Qxd8+ Kxd8 10. axb4 cxb2 11. Bxb2 e6 12. 0-0 f6 13. e5 f5 14. Rfd1+ Ke8 15. Nd4 Bd7 16. Bc3 Be7 17. Bxc6 bxc6 18. Ra6 Kf7 19. Nxc6 Bxc6 20. Rxc6 Rhc8 21. Rxc8 Rxc8 22. Be1 g5 23. f3 Rc7 24. Ra1 h5 25. Kf2 f4 26. Ke2 Kg6 27. Kd3 Kf5 28. Bc3 Rd7+ 29. Kc4 Bd8 30. h3 Bb6 31. Rb1 Be3 32. b5 Re7 33. Kb4 Rb7 34. Ra1 g4 35. hxg4+ hxg4 36. fxg4+ Kxg4 37. Ra2 Kf5 38. Kc4 Ke4 39. Ra6 Rg7 40. Rxe6 Rxg2 41. Rf6 Rg8 42. Be1 Rc8+ 43. Rc6 Re8 44. Rh6 Rxe5 45. Bc3 Rc5+ 0-1